[Event "Bayer op"]
[Site "Leverkusen"]
[Date "1997.10.03"]
[Round "4"]
[White "Stillger, Bernhard"]
[Black "Lukovski, Lev"]
[Result "1/2-1/2"]
[WhiteElo "2310"]
[BlackElo "2105"]

1.Nf3 d5 2.g3 Bg4 3.Bg2 c6 4.O-O Nd7 5.d3 e5 6.Nbd2 Bd6 7.b3 Ne7 8.Bb2 f6
9.e4 O-O 10.c3 Qe8 11.h3 Be6 12.d4 Rd8 13.Re1 Ng6 14.Qc2 Qf7 15.Rad1 b5 16.exd5 cxd5
17.dxe5 fxe5 18.Nf1 h6 19.Ne3 Nb6 20.Ng4 Bf5 21.Qe2 Be4 22.Nd2 Bxg2 23.Kxg2 e4
24.c4 bxc4 25.bxc4 Nxc4 26.Nxc4 dxc4 27.Rxd6 Rxd6 28.Ba3 Qf3+ 29.Qxf3 exf3+
30.Kg1 Rd3 31.Bxf8 Kxf8 32.Re6 Ne7 33.Ne3 c3 34.Re5 Rd6 35.a3 g6 36.g4 Kf7
37.Kh2 Kf6 38.Ra5 Rc6 39.Nc2 a6 40.Kg3 Nc8 41.Kxf3 Nd6 42.Rd5 Ke6 43.Rd3 Rc4
44.Re3+ Kd5 45.Rd3+ Ke5 46.Re3+ Kd5 47.Re7 Rc8 48.Ra7 Nb5 49.Rd7+ Kc4 50.Ke2 Kb3
51.Kd3 Rf8 52.a4 Kxa4 53.Nd4 Rxf2 54.Ne2 Kb3 55.Nxc3 Nxc3 56.Rb7+ Nb5 57.Rb6 Rf3+
58.Ke4 Rxh3 59.Rxa6 g5 60.Kf5 Nd4+ 61.Kg6 Kc4 62.Ra5 Rh4 63.Kg7 Kd3 64.Ra4 Ke4
65.Kh7 Rxg4 66.Kxh6 Rg1 67.Kh5 g4 68.Kh4 Rg2 69.Rb4 Ke3 70.Ra4 Nf3+ 71.Kh5 g3
72.Kg4 Ne1 73.Ra3+ Nd3 74.Rc3 Rg1 75.Kh3 Kd2 76.Ra3 Nf2+ 77.Kh4 g2 78.Kg3 Ne4+
79.Kh2 Re1 80.Kxg2  1/2-1/2

[Event "Brazil op"]
[Site "Pouso Alegre"]
[Date "1997.10.04"]
[Round "5"]
[White "Cajal, Andre"]
[Black "Matsuura, Everaldo"]
[Result "0-1"]
[WhiteElo "2180"]
[BlackElo "2390"]

1.Nf3 d5 2.g3 Nf6 3.Bg2 g6 4.b3 Bg7 5.Bb2 c5 6.d3 O-O 7.O-O Nc6 8.Nbd2 Qc7
9.e4 d4 10.Re1 e5 11.a3 h6 12.h3 Be6 13.g4 b5 14.Qe2 Nd7 15.Rec1 Qb6 16.Rab1 a5
17.Ba1 a4 18.bxa4 Rxa4 19.Bb2 c4 20.dxc4 bxc4 21.Bc3 Qc5 22.Bb4 Nxb4 23.axb4 Rxb4
24.Rxb4 Qxb4 25.Bf1 Rc8 26.c3 Qb2 27.Qd1 d3 28.Nb1 Nc5 29.Qd2 Qb7 30.Bg2 Nxe4
31.Qe3 Bd5 32.Re1 Re8 33.Nfd2 Nxd2 34.Bxd5 Qxd5 35.Nxd2 f5 36.gxf5 gxf5 37.Kh2 e4
38.Rg1 Qe5+ 39.Kh1 f4 40.Qb6 e3  0-1

[Event "Budapest FS10 IM-A"]
[Site "Budapest"]
[Date "1997.10.06"]
[Round "2"]
[White "Kogan, Artur"]
[Black "Levin, Felix"]
[Result "0-1"]
[WhiteElo "2500"]
[BlackElo "2475"]

1.Nf3 d5 2.g3 Nc6 3.d4 Bf5 4.Bg2 Nb4 5.Na3 c6 6.c3 Na6 7.Ne5 Nf6 8.Nc2 h6
9.Ne3 Bh7 10.f4 e6 11.f5 Bxf5 12.Nxf5 exf5 13.Qd3 g6 14.O-O Nc7 15.g4 Nxg4
16.Nxg4 fxg4 17.e4 Bg7 18.exd5 Nxd5 19.Re1+ Kf8 20.c4 Nb4 21.Qa3 Bxd4+ 22.Be3 c5
23.Rad1 Qb6 24.Bxd4 cxd4 25.Re5 a5 26.Rb5 Qd8 27.Rxb7 Kg7 28.Qg3 Rf8 29.a3 Nc2
30.Rf1 Qg5 31.Bd5 Rad8 32.Qd3 Qe3+ 33.Qxe3 Nxe3 34.Rfxf7+ Rxf7 35.Rxf7+ Kh8
36.Rf4 d3 37.Rd4 Nxc4 38.Rxd3 Nxb2 39.Rd4 Nc4 40.Rxc4 Rxd5 41.Rxg4 Kg7 42.Rc4 Kf6
43.a4 Ke5 44.Kg2 Rd4 45.Rc6 Kf5 46.Kg3 Rxa4 47.Rc5+ Ke4 48.Rc6 Ra1 49.Kg2 Kf5
50.Rc5+ Kf4 51.Rc4+ Kg5 52.Rc5+ Kh4 53.Rc4+ Kh5 54.Rc6 Ra4 55.h3 Re4 56.Kg3 Re5
57.Ra6 Rb5 58.Kg2 Kg5  0-1

[Event "Makarska"]
[Site "Makarska"]
[Date "1997.10.06"]
[Round "4"]
[White "Cvitan, Ognjen"]
[Black "Cvorovic, Drazen"]
[Result "1-0"]
[WhiteElo "2570"]
[BlackElo "2425"]

1.Nf3 d5 2.g3 g6 3.Bg2 Bg7 4.d4 Nc6 5.O-O e6 6.c3 Nge7 7.Nbd2 b6 8.e4 Bb7
9.Re1 Qd7 10.exd5 exd5 11.Ng5 O-O 12.Nf1 h6 13.Nh3 Nf5 14.Nf4 Nce7 15.Nd2 c5
16.Nf3 Rad8 17.Nd3 Rc8 18.Bh3 Rfd8 19.Bf4 h5 20.a4 Ba6 21.Nde5 Qb7 22.Bg5 f6
23.Nxg6 fxg5 24.Nxe7+ Nxe7 25.Be6+ Kh7 26.Nxg5+ Kg6 27.Bf7+ Kxg5 28.Qxh5+ Kf6
29.Re6+  1-0

[Event "Budapest FS10 IM-B"]
[Site "Budapest"]
[Date "1997.10.08"]
[Round "4"]
[White "Dudas, Janos"]
[Black "Le Thi Phuong Lien"]
[Result "1/2-1/2"]
[WhiteElo "2400"]
[BlackElo "2265"]

1.Nf3 d5 2.g3 g6 3.Bg2 Bg7 4.O-O e5 5.c4 c6 6.Qa4 Ne7 7.cxd5 Nxd5 8.d3 O-O
9.Nc3 Nxc3 10.bxc3 e4 11.dxe4 Bxc3 12.Rb1 Nd7 13.Rd1 Qa5 14.Qc2 Nb6 15.Rd3 Na4
16.Nd2 Bg7 17.Ba3 Re8 18.Nc4 Qa6 19.Nd6 Rd8 20.f4 b5 21.e5 Qb6+ 22.Kh1 Bd7
23.Rbd1 Bg4 24.h3 Be6 25.Qxc6 Rab8 26.Qxb6 Nxb6 27.Nxb5 Rxd3 28.exd3 Nd5
29.Nxa7 Ne3 30.Rc1 Nxg2 31.Kxg2 Rd8 32.Rc3 f6 33.Bd6 fxe5 34.Bxe5 Bf8 35.d4 Bxa2
36.Rc8 Rxc8 37.Nxc8 Bb4 38.Nb6 Kf7 39.g4 Bb3 40.Nd7 Ke6 41.Nf6 h6 42.Kf2 Be7
43.Ne4 Kd5 44.Ke3 Bc2 45.Nc3+ Kc4 46.Kd2 Bb3 47.Ne4 Kd5 48.Nc3+ Kc4 49.Ne2 Ba4
50.Ke3 Bd7 51.Ng3 Bh4 52.Ne4 h5 53.gxh5 gxh5 54.f5 Kd5 55.Kf4 Be8 56.Nc3+ Kc4
57.Ne4 Kd5 58.Nd6 Bd7 59.Ne4  1/2-1/2

[Event "AUT-chT 9798"]
[Site "Austria"]
[Date "1997.10.12"]
[Round "1"]
[White "Postl, Anton"]
[Black "Tscholowitsch, Christian"]
[Result "1-0"]
[WhiteElo "2275"]
[BlackElo "2215"]

1.Nf3 d5 2.g3 g6 3.Bg2 Bg7 4.O-O Nf6 5.c4 c6 6.cxd5 cxd5 7.d4 O-O 8.Nc3 Nc6
9.Ne5 Qb6 10.Bxd5 Nxe5 11.dxe5 Ng4 12.Bg2 Nxe5 13.Nd5 Qd6 14.Bg5 f6 15.Bf4 g5
16.Be3 Nc4 17.Bd4 e6 18.Bc3 Rf7 19.b3 exd5 20.bxc4 d4 21.Bxd4 Be6 22.c5 Qc7
23.e3 Rd8 24.Qa4 a6 25.Rab1 Bd5 26.Bxd5 Rxd5 27.Rb6 f5 28.Qe8+ Rf8 29.Qe6+ Qf7
30.Rxb7 Qxe6 31.Rxg7+ Kh8 32.Re7+ Rxd4 33.Rxe6 Ra4 34.Re7 Rc4 35.Rd1 Rxc5
36.Rdd7 Rb8 37.Rxh7+ Kg8 38.Rdg7+ Kf8 39.Rxg5 Rb1+ 40.Kg2 Rb2 41.g4  1-0

[Event "Budapest FS10 IM-B"]
[Site "Budapest"]
[Date "1997.10.13"]
[Round "9"]
[White "Pachow, Joerg"]
[Black "Le Thi Phuong Lien"]
[Result "1-0"]
[WhiteElo "2340"]
[BlackElo "2265"]

1.Nf3 d5 2.g3 g6 3.Bg2 Bg7 4.O-O e5 5.d3 Ne7 6.e4 O-O 7.exd5 Nxd5 8.Nbd2 Nc6
9.Re1 h6 10.a3 Re8 11.Rb1 a5 12.h3 b6 13.c4 Nde7 14.b4 axb4 15.axb4 Qxd3
16.b5 e4 17.Nh2 Nf5 18.Rb3 Qd6 19.bxc6 e3 20.fxe3 Qxg3 21.Ndf1 Qg5 22.Nf3 Qe7
23.Bb2 Ra2 24.Bxg7 Kxg7 25.Re2 Ra5 26.Rb5 Ra3 27.Re5 Be6 28.Nd4 Qf6 29.Nxf5+ gxf5
30.Qd4 Rd8 31.Bd5 Kh7 32.Rg2 Rg8 33.Ng3 Rg5 34.Bxe6 fxe6 35.Qd7+ Qg7 36.Qxg7+ Kxg7
37.Rxe6 Kf7 38.Rxh6 f4 39.Nf1 Rc5 40.Rf2 Kg7 41.Re6 Rxc4 42.Rxf4  1-0

[Event "Budapest FS10 IM-A"]
[Site "Budapest"]
[Date "1997.10.14"]
[Round "10"]
[White "Bilek, Istvan"]
[Black "Waitzkin, Joshua"]
[Result "1-0"]
[WhiteElo "2370"]
[BlackElo "2435"]

1.g3 d5 2.Nf3 c6 3.Bg2 Bg4 4.d3 Nd7 5.Nbd2 Ngf6 6.c4 e6 7.O-O Be7 8.b3 O-O
9.Bb2 a5 10.a3 Re8 11.Qc2 Bh5 12.h3 h6 13.Rfe1 Qb6 14.Qc3 e5 15.e3 Bg6 16.Rac1 Rad8
17.cxd5 cxd5 18.Kh2 Bd6 19.Red1 Nc5 20.Bf1 Re7 21.b4 axb4 22.axb4 Na4 23.Qb3 Nxb2
24.Qxb2 Qxb4 25.Qa1 b5 26.d4 Nd7 27.Rc6 Bb8 28.Qa2 exd4 29.Rxg6 fxg6 30.Qxd5+ Kh7
31.Nxd4 Rf8 32.Kg2 Qa4 33.Rb1 b4 34.Bb5 Qa7 35.Rxb4 Ref7 36.Ne4 Nf6 37.Nxf6+ Rxf6
38.Rb2 Qc7 39.f4 Qc3 40.Re2 Rd6 41.Qe4 Qc5 42.Bd3 Qd5 43.h4 Qxe4+ 44.Bxe4 Re8
45.Kf3 Kh8 46.Rc2 Rf6 47.g4 g5 48.hxg5 hxg5 49.Nf5 gxf4 50.Rh2+ Rh6 51.Nxh6 gxh6
52.Rxh6+ Kg7 53.Rg6+ Kf7 54.Rb6 Ba7 55.Bd5+ Kf8 56.Rf6+ Kg7 57.Rf7+ Kh8 58.Rxa7 Rxe3+
59.Kxf4 Re4+ 60.Bxe4  1-0

[Event "Oberliga Wuert9798"]
[Site "Wuerttemberg"]
[Date "1997.10.19"]
[Round "2"]
[White "Einwiller, Bernd"]
[Black "Dueren, Jerome"]
[Result "1-0"]
[WhiteElo "2230"]
[BlackElo "2190"]

1.Nf3 d5 2.g3 c6 3.Bg2 Bg4 4.d3 Nf6 5.Nbd2 Nbd7 6.O-O e6 7.h3 Bh5 8.Qe1 Bd6
9.e4 e5 10.Nh4 O-O 11.Nf5 Bc5 12.Kh1 Bg6 13.Nh4 Re8 14.Nxg6 hxg6 15.Nb3 dxe4
16.dxe4 Be7 17.Qc3 a5 18.a4 Qc7 19.Be3 Bb4 20.Qc4 Rad8 21.c3 Bf8 22.Nd2 b6
23.Rfd1 Bc5 24.Nf1 Bxe3 25.Nxe3 Nc5 26.Bf3 Ne6 27.h4 g5 28.h5 Nc5 29.Kg2 Qc8
30.g4 Rxd1 31.Rxd1 Rd8 32.Nf5 Qc7 33.Rxd8+ Qxd8 34.b4 axb4 35.cxb4 Nxa4 36.Qxc6 Qd7
37.Qc1 Nh7 38.Qa1 Qb5 39.Bd1 Qd3 40.Qxa4 b5  1-0

[Event "Hellir op"]
[Site "Reykjavik"]
[Date "1997.10.24"]
[Round "1"]
[White "Hickl, Joerg"]
[Black "Halldorsson, Bragi"]
[Result "0-1"]
[WhiteElo "2565"]
[BlackElo "2270"]

1.g3 d5 2.Nf3 c6 3.Bg2 Bf5 4.b3 Nd7 5.Bb2 Qc7 6.c4 e6 7.d3 h6 8.Nbd2 Ngf6
9.O-O Be7 10.cxd5 exd5 11.e4 dxe4 12.dxe4 Bg4 13.e5 Nd5 14.h3 Bh5 15.Rc1 O-O
16.Nc4 Rfd8 17.Qe2 Nf8 18.Rfd1 Ne6 19.a3 a5 20.h4 b5 21.Ncd2 Qb6 22.Ne4 Ra7
23.Qc2 c5 24.Nd6 Bxd6 25.Rxd5 Be7 26.Qd3 Rxd5 27.Qxd5 a4 28.Nh2 axb3 29.Qxb3 Qa5
30.Bc6 Be2 31.Nf1 Qa6 32.Bd5 c4 33.Qe3 Bd3 34.Bxe6 fxe6 35.Nd2 Bxa3 36.Ra1 b4
37.Qc5 Ra8 38.Bc1 Qa5 39.Qd6 Qd5 40.Bxa3 bxa3 41.Rxa3 Rxa3 42.Qxa3 Qxe5 43.Qc1 c3
44.Nb3 Bc4 45.Qd1 Bd5 46.Nc5 c2  0-1

[Event "BCF-chT 97/98 (4NCL)"]
[Site "GBR"]
[Date "1997.10.25"]
[Round "1"]
[White "Ledger, David"]
[Black "Kennaugh, Charles"]
[Result "0-1"]
[WhiteElo "2255"]
[BlackElo "2295"]

1.Nf3 d5 2.g3 g6 3.Bg2 Bg7 4.O-O e5 5.d3 Ne7 6.e4 O-O 7.Nc3 c6 8.Bg5 f6 9.Bd2 f5
10.exf5 gxf5 11.Qe2 Ng6 12.h4 e4 13.Ng5 Ne5 14.Rad1 Qe8 15.Bf4 Nbd7 16.Rfe1 Nf6
17.Bxe5 Qxe5 18.dxe4 fxe4 19.Ncxe4 dxe4 20.Qc4+ Nd5 21.Bxe4 Qf6 22.f4 Bf5
23.Bxf5 Qxf5 24.Re7 Kh8 25.Re2 Rae8 26.Rde1 Rxe2 27.Rxe2 Bxb2 28.Ne6 Rg8
29.Qb3 Bf6 30.Kh2 Qg4 31.Qd3 Re8 32.f5 b5 33.Rf2 Rg8 34.a3 Bxh4 35.gxh4 Qxh4+
36.Qh3 Qxf2+ 37.Kh1 Rg1+  0-1

[Event "BCF-chT 97/98 (4NCL)"]
[Site "GBR"]
[Date "1997.10.25"]
[Round "1"]
[White "Cummings, David H"]
[Black "Rowson, Jonathan"]
[Result "0-1"]
[WhiteElo "2365"]
[BlackElo "2485"]

1.Nf3 d5 2.g3 Bg4 3.Bg2 Nd7 4.d4 e6 5.O-O Bd6 6.b3 c6 7.c4 Bxf3 8.Bxf3 f5
9.Ba3 Ndf6 10.Bxd6 Qxd6 11.Nd2 Nh6 12.Bg2 Nf7 13.Qc2 h5 14.cxd5 cxd5 15.Rac1 Kd7
16.Qd3 a6 17.b4 h4 18.Nb3 h3 19.Nc5+ Ke7 20.Bh1 Ra7 21.f3 b6 22.Nxa6 f4 23.g4 b5
24.Nc5 Rxa2 25.Ra1 Rha8 26.Rxa2 Rxa2 27.Qxb5 Qc7 28.Rc1 Qa7 29.Kf1 Ra1 30.Nb3 Rxc1+
31.Nxc1 Qxd4 32.Qc5+ Qxc5 33.bxc5 d4 34.Nd3 Nd5 35.Ke1 e5 36.Kd2 Ne3 37.Nf2 Ng5
38.Nd3 Ke6 39.c6 Kd6 40.c7 Nc4+ 41.Kc2 Kxc7 42.Kb3 Nd2+ 43.Kc2 Nf1 44.Nxe5 Nxh2
45.Nd3 Ne6 46.Nf2 Kd6 47.Nxh3 Nf1 48.Nf2 Kd5 49.Nd3 Ng3 50.Bg2 Nxe2 51.Kd2 Nc3
52.g5 Na4 53.Bh3 Nac5 54.Bxe6+ Nxe6 55.Kc2 Nxg5 56.Nxf4+ Ke5 57.Nh5 g6 58.f4+ Kf5
59.Ng7+ Kxf4 60.Kd3 Ke5  0-1

[Event "Paris Plage op 12th"]
[Site "Le Touquet"]
[Date "1997.10.26"]
[Round "?"]
[White "Minet, Steve"]
[Black "Villeneuve, Alain"]
[Result "1-0"]
[WhiteElo "2085"]
[BlackElo "2335"]

1.Nf3 d5 2.g3 Nf6 3.Bg2 Bf5 4.b3 e6 5.Bb2 Be7 6.d3 h6 7.Nbd2 O-O 8.O-O c6
9.Re1 Bh7 10.e4 a5 11.a3 Na6 12.Qe2 b5 13.Ne5 Qb6 14.Kh1 Rad8 15.Ng4 Ne8
16.f4 f6 17.exd5 cxd5 18.Qxe6+ Qxe6 19.Rxe6 Bd6 20.Bxd5 Kh8 21.Re2 Bxf4 22.Bb7 Nc5
23.gxf4 Nxb7 24.Re7 Ned6 25.Rg1 Nc5 26.Ne3 Rg8 27.Nf3 Rde8 28.Nd5 Rxe7 29.Nxe7 Re8
30.Nc6 Rc8 31.Nfd4 a4 32.b4 Nd7 33.Re1 Nf5 34.Ne7 Re8 35.Ng6+ Bxg6 36.Rxe8+ Bxe8
37.Nxf5 Nb6 38.Nd6 Bc6+ 39.Kg1 Nd5 40.f5 Kg8 41.c4 Nc7 42.Bd4 Kf8 43.Bb6 Ne8
44.Nxb5 Bxb5 45.Bc5+ Kf7 46.cxb5 Nc7 47.b6 Na6 48.Bd6  1-0

[Event "WchT 4th"]
[Site "Luzern"]
[Date "1997.10.27"]
[Round "3"]
[White "Yermolinsky, Alex"]
[Black "Short, Nigel D"]
[Result "1/2-1/2"]
[WhiteElo "2650"]
[BlackElo "2660"]

1.Nf3 d5 2.g3 c6 3.Bg2 Nf6 4.O-O Bf5 5.c4 e6 6.cxd5 exd5 7.d3 Be7 8.Nd4 Bg6
9.Nc3 O-O 10.e4 Nbd7 11.Re1 Nc5 12.Nf5 dxe4 13.dxe4 Bxf5 14.exf5 Qxd1 15.Rxd1 Rfd8
16.Be3 Ncd7 17.h3 Bc5 18.Bxc5 Nxc5 19.b4 Nd3 20.b5 Rac8 21.bxc6 bxc6 22.Rab1 h5
23.Rb7 Nc5 24.Rxa7 Rxd1+ 25.Nxd1 Nce4 26.Ra3 Rd8 27.Nc3 Nxc3 28.Rxc3 Rd1+
29.Bf1 Ne4 30.Rd3 Nd2 31.Kg2 Rxf1 32.Rd8+ Kh7 33.Rxd2 Rc1 34.Kf3 c5 35.Ke4 c4
36.Kd4 h4 37.Re2 Kh6 38.g4 c3 39.Kd3 Kg5 40.Re7 Rh1 41.Rxf7 Rxh3+ 42.Ke4 Kxg4
43.Rxg7+ Kh5 44.f6 c2 45.Rc7 Kg6 46.f7 Kg7 47.Rxc2 Ra3 48.Kf4 Kxf7 49.Kg4 Ra4+
50.Kg5 h3 51.f3 Ke6 52.Re2+ Kf7 53.Kf5 Rh4 54.Rh2 Ra4 55.Rb2 Rh4 56.Rb7+ Ke8
57.Rb1 Ra4 58.Rb2 Kf7 59.Rh2 Kg7 60.Kg5 Kf7  1/2-1/2

[Event "Hellir op"]
[Site "Reykjavik"]
[Date "1997.10.28"]
[Round "5"]
[White "Hickl, Joerg"]
[Black "Gretarsson, Helgi Ass"]
[Result "1-0"]
[WhiteElo "2565"]
[BlackElo "2475"]

1.g3 d5 2.Nf3 Nf6 3.Bg2 c6 4.b3 Bf5 5.Bb2 e6 6.d3 h6 7.Nbd2 Bc5 8.O-O O-O
9.c4 Re8 10.Qc2 Nbd7 11.a3 Bh7 12.b4 Bf8 13.e4 Kh8 14.Rfe1 Rc8 15.Rac1 Qc7
16.e5 Ng8 17.cxd5 exd5 18.Bh3 a5 19.Qb3 axb4 20.axb4 Rcd8 21.d4 Ne7 22.Nf1 b5
23.e6 fxe6 24.Bxe6 Bg8 25.Bxg8 Kxg8 26.Re2 Nb6 27.Rce1 Nc4 28.Bc3 Qc8 29.Qc2 Qd7
30.N1d2 Nc8 31.Nb3 N8d6 32.Nc5 Qg4 33.Ne5 Nxe5 34.dxe5 Ne4 35.Nd3 d4 36.Rxe4 Qf5
37.Bxd4 Kh7 38.Qc3 Re6 39.Nf4 Re7 40.e6 g5 41.Nh5 Kg6 42.g4  1-0

[Event "Hellir op"]
[Site "Reykjavik"]
[Date "1997.10.31"]
[Round "8"]
[White "Hickl, Joerg"]
[Black "Keitlinghaus, Ludger"]
[Result "1-0"]
[WhiteElo "2565"]
[BlackElo "2525"]

1.Nf3 d5 2.g3 g6 3.c4 c6 4.Qa4 e6 5.Bg2 Nd7 6.d3 Bg7 7.O-O Ngf6 8.Qa3 Qe7
9.Qxe7+ Kxe7 10.Nc3 Rd8 11.Bf4 dxc4 12.dxc4 Ne8 13.Rad1 e5 14.Bc1 Nf8 15.b3 Rxd1
16.Rxd1 f6 17.Ne1 Ne6 18.Nd3 Kf7 19.f4 exf4 20.gxf4 Bf8 21.Be3 Bd6 22.b4 N8g7
23.Bc1 Bc7 24.b5 cxb5 25.Nxb5 Bb6+ 26.e3 Nf5 27.Kf2 Rb8 28.Be4 Nc7 29.Nxc7 Bxc7
30.Nc5 Ke8 31.Bd5 Nd6 32.Bb2 b6 33.Nb3 Ba6 34.Bxf6 Bxc4 35.Be5 Bxd5 36.Rxd5 Rd8
37.Kf3 Rd7 38.Bxd6 Rxd6 39.Rxd6 Bxd6 40.h3 Kd7 41.e4 Bc7 42.e5 g5 43.Nd4 gxf4
44.Kxf4 a6 45.Ke4 Bd8 46.Kd5 Bh4 47.Nc6 a5 48.a4 Bf2 49.Nd4 Ke7 50.Nf5+ Kd7
51.Nd6 Bg1 52.Ne4 Ke7 53.Nf6 b5 54.axb5 a4 55.Kc4 Ke6 56.Nxh7 a3 57.Kb3 Bc5
58.Nf6  1-0

[Event "WchT 4th"]
[Site "Luzern"]
[Date "1997.11.01"]
[Round "8"]
[White "Vaganian, Rafael A"]
[Black "Nogueiras, Jesus"]
[Result "1/2-1/2"]
[WhiteElo "2640"]
[BlackElo "2535"]

1.Nf3 d5 2.g3 Nf6 3.Bg2 e6 4.O-O Be7 5.d3 O-O 6.Nbd2 c5 7.e4 Nc6 8.Re1 b5
9.e5 Nd7 10.Nf1 a5 11.h4 b4 12.Bf4 Ba6 13.Ne3 a4 14.c4 bxc3 15.bxc3 d4 16.Nc4 dxc3
17.Ng5 Nd4 18.Rc1 Bxc4 19.dxc4 c2 20.Qh5 Bxg5 21.Bxg5 Qe8 22.Qg4 f5 23.exf6 Nxf6
24.Bxf6 Rxf6 25.Bxa8 Qxa8 26.Qe4 Qxe4 27.Rxe4 Rf3 28.Rxd4 cxd4 29.Rxc2 Rc3
30.Rd2 Rxc4 31.Kg2 Kf7 32.Kf3 e5 33.Ke4 Kf6 34.Rb2 a3 35.Rb6+ Kf7 36.Rb7+ Kf6
37.Rb6+  1/2-1/2

[Event "RUS-Cup01 Chigorin mem"]
[Site "St Petersburg"]
[Date "1997.11.01"]
[Round "1"]
[White "Karasev, Vladimir I"]
[Black "Burmakin, Vladimir"]
[Result "1/2-1/2"]
[WhiteElo "2350"]
[BlackElo "2550"]

1.Nf3 d5 2.g3 Nf6 3.Bg2 c6 4.O-O Bg4 5.h3 Bxf3 6.Bxf3 e5 7.d3 d4 8.c3 Bc5
9.b4 Be7 10.Bb2 dxc3 11.Bxc3 Nbd7 12.Qb3 O-O 13.Nd2 Bd6 14.a4 Qe7 15.Bg2 Rac8
16.Nc4 Nd5 17.Bd2 Bxb4 18.Bxd5 Bxd2 19.Bxf7+ Qxf7 20.Nxd2 Qxb3 21.Nxb3 c5
22.Na5 b6 23.Nc4 Rf6 24.Rab1 Rb8 25.Rb2 a6 26.Rfb1 Kf8 27.h4 Ke8 28.f3 Kd8
29.Kf2 Kc7 30.Ke3 Rc6 31.Kf2 Re6 32.Nd2 Rc6 33.Nc4  1/2-1/2

[Event "DEN-chT 9798"]
[Site "Denmark"]
[Date "1997.11.02"]
[Round "1"]
[White "Ost Hansen, Jacob"]
[Black "Clausen, Steen"]
[Result "1/2-1/2"]
[WhiteElo "2425"]
[BlackElo "2270"]

1.g3 d5 2.Nf3 Nf6 3.Bg2 c6 4.b3 Bf5 5.Bb2 Nbd7 6.O-O h6 7.d3 e6 8.Nbd2 Be7
9.c4 O-O 10.a3 a5 11.Qc2 Qb8 12.Rac1 Rc8 13.Qb1 Ne8 14.Nd4 Bh7 15.Bh3 Rd8
16.cxd5 exd5 17.N2f3 Bf6 18.b4 axb4 19.axb4 Qd6 20.Bc3 Ne5 21.Nxe5 Bxe5 22.Qb3 Nc7
23.Ra1 Re8 24.Qb2 f6 25.f4 Bxd4+ 26.Bxd4 Rxa1 27.Rxa1 Nb5 28.Kf2 Bg6 29.Bg4 Bf7
30.e3 Be6 31.Bh5 Bf7 32.Bg4 Be6 33.Bh5 Bf7  1/2-1/2

[Event "WchT 4th"]
[Site "Luzern"]
[Date "1997.11.02"]
[Round "9"]
[White "Lputian, Smbat G"]
[Black "Sadler, Matthew"]
[Result "1-0"]
[WhiteElo "2585"]
[BlackElo "2665"]

1.Nf3 d5 2.g3 Nf6 3.Bg2 e6 4.O-O Be7 5.c4 O-O 6.d4 dxc4 7.Qc2 a6 8.a4 Bd7
9.Qxc4 Bc6 10.Bg5 a5 11.Nc3 Na6 12.Bxf6 Bxf6 13.e4 Nb4 14.Rfd1 Ra6 15.Rac1 Rb6
16.h4 h6 17.Qe2 Re8 18.Rd2 Qd7 19.Qd1 Qd8 20.Nh2 Be7 21.Ng4 Rf8 22.Ne5 Be8
23.Bf1 Rd6 24.Nc4 Ra6 25.Ne3 Ra8 26.d5 e5 27.Nf5 Bc5 28.Bb5 Kh7 29.Bxe8 Rxe8
30.Nb5 b6 31.d6 cxd6 32.Rxc5 bxc5 33.Rxd6 Qc8 34.Qh5 Ra6 35.Qxf7 Rg8 36.Qg6+ Kh8
37.Rxa6  1-0

[Event "RUS-Cup01 Chigorin mem"]
[Site "St Petersburg"]
[Date "1997.11.02"]
[Round "2"]
[White "Makarov, Marat"]
[Black "Shurygin, Sergey"]
[Result "1-0"]
[WhiteElo "2540"]
[BlackElo "2355"]

1.Nf3 d5 2.g3 c6 3.Bg2 Bg4 4.c4 Nd7 5.cxd5 cxd5 6.Nc3 e6 7.d4 Bd6 8.Qb3 Bxf3
9.Bxf3 Qb6 10.e4 dxe4 11.Bxe4 Bb4 12.O-O Ngf6 13.Bg2 O-O 14.Bf4 Bxc3 15.bxc3 Nd5
16.Bxd5 exd5 17.Qxd5 Nf6 18.Qf3 Qc6 19.Qxc6 bxc6 20.Rfe1 Nd5 21.Bd2 Rfe8
22.Rab1 Rxe1+ 23.Bxe1 Nb6 24.Bd2 h6 25.Kf1 Re8 26.Re1 Kf8 27.Rxe8+ Kxe8 28.Ke2 Kd7
29.Kd3 Ke6 30.c4 h5 31.h3 Kf5 32.f3 g6 33.g4+ Ke6 34.Ba5 Nc8 35.Bb4 f5 36.gxh5 gxh5
37.Bc5  1-0

[Event "RUS-Cup01 Chigorin mem"]
[Site "St Petersburg"]
[Date "1997.11.03"]
[Round "3"]
[White "Nikolaev, Nikita"]
[Black "Nikitin, Andrey"]
[Result "0-1"]
[WhiteElo "2290"]
[BlackElo "2480"]

1.Nf3 d5 2.g3 Nf6 3.Bg2 g6 4.O-O Bg7 5.c4 O-O 6.cxd5 Nxd5 7.Nc3 Nb6 8.d3 Nc6
9.Be3 e5 10.Qd2 Nd4 11.Bh6 Re8 12.Bxg7 Kxg7 13.e3 Nxf3+ 14.Bxf3 c6 15.Rfd1 Bf5
16.Ne4 Qe7 17.Rac1 Rad8 18.Qa5 Nc8 19.b4 Rd7 20.Qa3 Bxe4 21.Bxe4 Red8 22.Qc3 f5
23.Bg2 Nb6 24.a3 Qf6 25.Qb3 a6 26.a4 f4 27.exf4 exf4 28.Be4 Rf7 29.Rf1 Rd4
30.b5 cxb5 31.a5 Na4 32.Rc8 Qd6 33.Rfc1 fxg3 34.hxg3 Rb4 35.Qd5 Rd4 36.Qa2 Rb4
37.Qd5 Qf6 38.Rf1 Rb2 39.f4 Nc3 40.Qe5  0-1

[Event "RUS-Cup01 Chigorin mem"]
[Site "St Petersburg"]
[Date "1997.11.05"]
[Round "5"]
[White "Karasev, Vladimir I"]
[Black "Nikitin, Andrey"]
[Result "1-0"]
[WhiteElo "2350"]
[BlackElo "2480"]

1.Nf3 d5 2.g3 Nf6 3.Bg2 c6 4.O-O Bg4 5.h3 Bh5 6.d3 Nbd7 7.Qe1 e5 8.Nh4 Bc5
9.e4 O-O 10.Nc3 dxe4 11.dxe4 b5 12.Nf5 Ne8 13.g4 Bg6 14.Be3 Bxe3 15.Qxe3 Qc7
16.Rfd1 b4 17.Na4 Nb6 18.Nc5 a5 19.a3 Bxf5 20.exf5 Nf6 21.axb4 Nfd5 22.Qe4 axb4
23.Nd3 Nd7 24.Rxa8 Rxa8 25.Nxb4 N7f6 26.Qc4 Nxb4 27.Qxb4 e4 28.g5 Nd5 29.Qxe4 g6
30.Re1 Rb8 31.c4 gxf5 32.Qxf5 Nf4 33.Qf6 Ne6 34.h4 Qb7 35.Bh3  1-0

[Event "RUS-Cup01 Chigorin mem"]
[Site "St Petersburg"]
[Date "1997.11.05"]
[Round "5"]
[White "Seeman, Tarvo"]
[Black "Rychagov, Andrei"]
[Result "1/2-1/2"]
[WhiteElo "2395"]
[BlackElo "2495"]

1.Nf3 d5 2.g3 g6 3.Bg2 Bg7 4.O-O Nf6 5.d3 O-O 6.Nbd2 Nc6 7.c3 e5 8.e4 a5
9.Re1 Re8 10.a4 h6 11.Qc2 Be6 12.exd5 Nxd5 13.Nc4 Bf5 14.Nfd2 Qd7 15.Ne4 b6
16.Ne3 Be6 17.f3 Rad8 18.Nf2 Kh7 19.Bd2 Nxe3 20.Rxe3 Bd5 21.Rae1 f5 22.Qd1 Rf8
23.R3e2 Rf6 24.Qc1 Rd6 25.Be3 Bb3 26.f4 Re6 27.fxe5 Nxe5 28.d4 Nf7 29.Nh3 Bc4
30.Nf4 Re7 31.Rf2 Rde8 32.h4 h5 33.Bf1 Nd6 34.Bxc4 Nxc4 35.Rfe2 Qxa4 36.Nd5 Rd7
37.Bh6 Rxe2 38.Rxe2 Qc6 39.Bxg7 Kxg7 40.Nf4 Qf3 41.Ne6+ Kg8 42.Qg5 Qg4 43.Qf6 Rf7
44.Qd8+ Kh7 45.Ng5+ Kg7 46.Ne6+ Kh7 47.Ng5+ Kg7 48.Ne6+  1/2-1/2

[Event "AUT-chT2O 9798"]
[Site "Austria"]
[Date "1997.11.07"]
[Round "1"]
[White "Rotstein, Arkadij"]
[Black "Polak, Tomas"]
[Result "1/2-1/2"]
[WhiteElo "2455"]
[BlackElo "2470"]

1.Nf3 d5 2.g3 Nf6 3.Bg2 c6 4.O-O Bg4 5.b3 Nbd7 6.Bb2 e6 7.c4 Bd6 8.d4 O-O
9.Nbd2 a5 10.a3 Re8 11.Re1 Qc7 12.e4 dxe4 13.Nxe4 Nxe4 14.Rxe4 Nf6 15.Re3 Bf5
16.Nh4 Bg6 17.Nxg6 hxg6 18.Qe2 c5 19.dxc5 Bxc5 20.Rd3 Rad8 21.Rad1 Rxd3 22.Rxd3 b6
23.Qd1 Qe7 24.a4 e5  1/2-1/2

[Event "AUT-chT2O 9798"]
[Site "Austria"]
[Date "1997.11.07"]
[Round "1"]
[White "Kaiser, Wolfgang"]
[Black "Pingitzer, Harald"]
[Result "1-0"]
[WhiteElo "2400"]
[BlackElo "2345"]

1.Nf3 d5 2.g3 Nf6 3.Bg2 g6 4.b3 Bg7 5.Bb2 O-O 6.c4 Nc6 7.O-O Re8 8.d4 e6
9.Nbd2 a5 10.a3 Ne4 11.Nxe4 dxe4 12.Ne5 Qd6 13.Nxc6 Qxc6 14.Qc2 f5 15.a4 Qd6
16.Rfd1 c6 17.e3 Qc7 18.Bf1 b6 19.c5 Ba6 20.cxb6 Qxb6 21.Bxa6 Rxa6 22.Ba3 Rb8
23.Rab1 Kf7 24.Qc4 Qb7 25.Bc5 Qa8 26.Kg2 h5 27.h3 Bf8 28.b4 axb4 29.Bxf8 Rxf8
30.Rxb4 Re8 31.Rdb1 Ra7 32.Rb6 Rxa4 33.Rb7+ Re7 34.Rxe7+ Kxe7 35.Qc5+ Kd7
36.Qe5 Ra5 37.Qg7+ Kd6 38.Rb7 Qd8 39.h4 Rb5 40.Rf7 Qe8 41.Rf6 Kd5 42.Rf8  1-0

[Event "AUT-chT2O 9798"]
[Site "Austria"]
[Date "1997.11.08"]
[Round "2"]
[White "Baumgartner, Heinz"]
[Black "Zetthofer, Gerald"]
[Result "1/2-1/2"]
[WhiteElo "2295"]
[BlackElo "2220"]

1.Nf3 d5 2.g3 Nf6 3.Bg2 c6 4.d3 Bg4 5.Nbd2 Nbd7 6.h3 Bh5 7.O-O e5 8.e4 dxe4
9.dxe4 Be7 10.Qe2 O-O 11.a4 a5 12.Rd1 Qc7 13.b3 Nc5 14.Bb2 Nfd7 15.Nc4 f6
16.Ne3 Rfd8 17.Nf5 Bf8 18.Bc3 Bf7 19.Nd2 Ne6 20.Nc4 Ndc5 21.Rxd8 Nxd8 22.Rd1 b6
23.Bf1 Ndb7 24.Qf3 Rd8 25.Rxd8  1/2-1/2

[Event "RUS-Cup01 Chigorin mem"]
[Site "St Petersburg"]
[Date "1997.11.08"]
[Round "8"]
[White "Seeman, Tarvo"]
[Black "Solozhenkin, Evgeniy"]
[Result "1-0"]
[WhiteElo "2395"]
[BlackElo "2485"]

1.Nf3 d5 2.g3 c6 3.Bg2 Bg4 4.b3 Nd7 5.Bb2 Ngf6 6.O-O e6 7.d3 Bc5 8.Nbd2 O-O
9.a3 Rc8 10.e4 a5 11.Qe1 b5 12.Kh1 Ne8 13.h3 Bh5 14.Nh2 Nc7 15.g4 Bg6 16.f4 f5
17.Qg3 Nf6 18.exf5 exf5 19.Ndf3 Ne6 20.Rae1 Qd6 21.Be5 Qd7 22.gxf5 Bxf5 23.Ng4 Nh5
24.Nh6+ Kh8 25.Qh4 Bg6 26.f5 Bxf5 27.Qxh5 Bg6 28.Qg4 Rcd8 29.Nh4  1-0

[Event "RUS-Cup01 Chigorin mem"]
[Site "St Petersburg"]
[Date "1997.11.09"]
[Round "9"]
[White "Makarov, Marat"]
[Black "Popov, Valerij"]
[Result "1/2-1/2"]
[WhiteElo "2540"]
[BlackElo "2440"]

1.Nf3 d5 2.g3 c6 3.Bg2 Bg4 4.O-O Nd7 5.d4 e6 6.Re1 Ngf6 7.Nbd2 Be7 8.e4 dxe4
9.Nxe4 Nxe4 10.Rxe4 Nf6 11.Re1 O-O 12.c3 Qb6 13.Qb3 Qxb3 14.axb3 Bxf3 15.Bxf3 a6
16.Bg2 Rad8 17.f4 Rfe8 18.b4 Bf8 19.Bf3 Nd5 20.Bd2 g6 21.Re2 f5 22.Kf2 Kf7
23.Ke1 Nc7 24.Kd1 Nb5 25.Be3 Nc7 26.Kc2 Nd5 27.Bd2 Nf6 28.Kb3 Bg7 29.Rae1 Bh8
30.Ka4 Bg7 31.Ka5 Bf8 32.h3 Bd6 33.Ka4 Bc7 34.Kb3 h5 35.Rg2 Rh8 36.Ra1 Bb8
37.Rf1 Bc7 38.Re1 Rd7 39.Be2 Rd6 40.Bc4 Re8 41.Kc2 Rd7 42.Bc1 Rde7 43.Rge2 Nd5
44.h4  1/2-1/2